TOP 10 des villes les plus visitées au monde - Statistiques

Statistiques générales
  • Ce quiz a été pris 332 fois
  • Le résultat moyen est 5 sur 10
Statistiques - réponses
TOP Nombres de touristes par an Villes % Correct
2 19 100 000 Paris (France)
99%
7 13 600 000 New York (États-Unis)
89%
3 19 000 000 Londres (Royaume-Unis)
77%
9 12 930 000 Tokyo (Japon)
76%
4 14 670 000 Dubaï (Émirats arabes unis)
42%
1 22 780 000 Bangkok (Thaïlande)
31%
8 13 400 000 Istanbul (Turquie)
27%
5 13 790 000 Singapour (Singapour)
23%
6 13 600 000 Kuala Lumpur (Malaisie)
10%
10 12 410 000 Antalya (Turquie)
3%
Aucun quiz correspondant
Distribution des résultats
% des personnes avec chaque résultat
Percentile par nombre de réponses
Votre historique - résultats
Vous n’avez pas pris ce quiz